| 000 | 00568nam a22002171 4500 | ||
|---|---|---|---|
| 001 | 1696054 | ||
| 005 | 20180301083722.0 | ||
| 008 | 800122s1964 mduab b 000 0 eng | ||
| 010 | _a 64025069 | ||
| 040 |
_aDLC _cDLC _dDLC |
||
| 041 | _aeng | ||
| 043 | _an-us--- | ||
| 080 | _a385.0973 FOG | ||
| 082 | 0 | 0 | _a385.0973 FOG |
| 100 | 1 | _a52 | |
| 101 | _aEKO | ||
| 245 | 1 | 0 | _aRailroads and American economic growth: |
| 504 | _aBibliography: p. 263-285. | ||
| 906 |
_a7 _bcbc _corignew _du _eocip _f19 _gy-gencatlg |
||
| 942 |
_2ddc _cBK |
||
| 999 |
_c43868 _d43868 |
||